Within-Industry specialization and global market power (Record no. 514422)

000 -LEADER
fixed length control field 01051nam a22001457a 4500
008 - FIXED-LENGTH DATA ELEMENTS--GENERAL INFORMATION
fixed length control field 201031b ||||| |||| 00| 0 eng d
100 ## - MAIN ENTRY--PERSONAL NAME
Personal name Lashkaripour, Ahamd
245 ## - TITLE STATEMENT
Title Within-Industry specialization and global market power
260 ## - PUBLICATION, DISTRIBUTION, ETC. (IMPRINT)
Place of publication, distribution, etc American Economic Journal: Microeconomics
300 ## - PHYSICAL DESCRIPTION
Extent 12(1), Feb, 2020: p.75-124
520 ## - SUMMARY, ETC.
Summary, etc Export price levels exhibit tremendous cross-national and spatial variation, even within narrowly defined industries. Standard theories attribute this variation to within-industry quality specialization. This paper argues that a significant portion of the export price variation is driven by rich and remote economies specializing in high-market power segments of industries. I also argue that this particular pattern of specialization (i) accounts for 30 percent of the overall gains from trade, and (ii) explains more than 37 percent of the observed cross-national income inequality.- Reproduced

773 ## - HOST ITEM ENTRY
Main entry heading American Economic Journal: Microeconomics
906 ## - LOCAL DATA ELEMENT F, LDF (RLIN)
Subject DIP INDUSTRIES
942 ## - ADDED ENTRY ELEMENTS (KOHA)
Item type Articles
Holdings
Withdrawn status Lost status Source of classification or shelving scheme Damaged status Not for loan Permanent location Current location Date acquired Serial Enumeration / chronology Barcode Date last seen Koha item type
          Indian Institute of Public Administration Indian Institute of Public Administration 2020-10-31 12(1), Feb, 2020: p.75-124 AR123426 2020-10-31 Articles

Powered by Koha